000 nam a22 7a 4500
999 _c10883
_d10883
008 180308b ||||| |||| 00| 0 eng d
100 _aOswaal Books
_96700
245 _aQuestion Bank With Com-VIII
260 _aAgra
_bOswaal book
_c2013